| 000 | 00684nam a2200241Ia 4500 | ||
|---|---|---|---|
| 003 | OSt | ||
| 005 | 20220928124101.0 | ||
| 006 | a|||||r|||| 00| 0 | ||
| 007 | ta | ||
| 008 | 220927b |||||||| |||| 00| 0 eng d | ||
| 024 | _a75001 | ||
| 037 | _cTextual | ||
| 040 |
_aSDCL _cSDCL _beng |
||
| 041 |
_2eng _aeng |
||
| 082 | _aX7, N1.1-.2 | ||
| 100 |
_aAtkinson A B Ed. _9417558 |
||
| 245 | 0 | _aModern public finance.2V. | |
| 260 |
_aAldershot _bEdward Elgar _c1991 |
||
| 300 |
_axv,385p(V1), xiv,437p(V2) _ccm. |
||
| 490 | _aInternational Library in Economics. Ed by Mark Blaug. | ||
| 942 |
_hX7, N1.1-.2 _cTEXL _2CC |
||
| 999 |
_c776221 _d776221 |
||